Sports Quiz

Random Sports or Baseball Quiz
Score 0/12 Timer 04:00
0 Plays Today
Category Player % Correct
Home runs (70)Mark McGwire
93.2%
Stolen bases (118)Lou Brock
72.9%
WHIP (0.78)Walter Johnson
64.2%
RBI (184)Lou Gehrig
61.9%
Runs scored (167)Lou Gehrig
61.8%
Hits (257)George Sisler
49.5%
Batting average (.424)Rogers Hornsby
48%
Strikeouts pitching (382)Sandy Koufax
46.5%
Saves (57)Bobby Thigpen and Edwin Diaz
42.9%
Strikeouts at bat (222)Adam Dunn
33.9%
ERA (1.04)Mordecai Brown
13.8%
Wins (40)Ed Walsh
12.3%
Come Together.
Have Fun.
All Virtual.
We all need to come together. Play Sporcle's virtual live trivia to have fun, connect with people, and get your trivia on. Join a live hosted trivia game for your favorite pub trivia experience done virtually. If a virtual private party is more your thing, go here for details.

You're not logged in!

Compare scores with friends on all Sporcle quizzes.
OR
Log In

Sporcle TV

Today on Sporcle TV


Watch our educational content, quiz creation guides, and fun videos on Sporcle TV.

Show Comments

Extras

Top Quizzes Today


Score Distribution

Paid Content

Your Account Isn't Verified!

In order to create a playlist on Sporcle, you need to verify the email address you used during registration. Go to your Sporcle Settings to finish the process.

Report this User

Report this user for behavior that violates our Community Guidelines.

Details: